000 00274nam a2200133Ia 4500
100 _aPalay M.
942 _cBK
654 _aCutting
245 _aMetal Cutting Tool Production
260 _bMir Publishers
_c2001
082 _a621.9
300 _a129
546 _aENGLISH
999 _c20188
_d20188